Memoria y proyecto de contrato con el Banco Hispano Colonial
Descripción Física:
357 p. ; 32'5 cm
MARC
| LEADER | 00000nam a2200000Ia 4500 | ||
|---|---|---|---|
| 001 | 11634 | ||
| 008 | 160829s1907 xx 000 0 cat d | ||
| 080 | |a FOL-1-79 | ||
| 110 | 1 | |a Barcelona (Catalunya). |b Ajuntament |9 50981 | |
| 245 | |a Memoria y proyecto de contrato con el Banco Hispano Colonial | ||
| 260 | |a Barcelona : |b (Imp. de Henrich y Cia), |c 1907 | ||
| 300 | |a 357 p. ; |c 32'5 cm | ||
| 590 | |a Abans del títol: Reforma Interior de Barcelona.vbcrlfA la coberta: Reforma y mejora del interior de la ciudad. | ||
| 650 | |a Obres públiques |x Barcelona |x S. XIX |9 31627 | ||
| 650 | |a Urbanisme |x Barcelona |x Projectes |x S.XIX |9 31628 | ||
| 901 | |a Arxiu | ||
| 942 | |n 1 | ||
| 952 | |0 0 |1 0 |4 0 |6 FOL179 |7 1 |9 45698 |a Arxiu |b Arxiu |d 2016-12-01 |l 0 |o FOL-1-79 |p 11634 |r 2016-12-01 00:00:00 |w 2016-12-01 |y ARXIU | ||
| 999 | |c 49198 |d 49198 | ||